000 02456cam a22004097a 4500
001 119720
005 20230410132721.0
008 091202q2005 enkab b 000 0 eng d
035 _a16004504
010 _a 2009529372
015 _aGBA516713
_2bnb
016 7 _a013119308
_2Uk
020 _a1900039613 (pbk.)
020 _a9781900039611 (pbk.)
035 _a(OCoLC)ocm60793259
040 _aUKM
_cUKM
_dBAKER
_dCVM
_dIXA
_dYDXCP
_dBTCTA
_dCPE
_dDLC
041 1 _aeng
_aspa
_hspa
042 _aukblsr
_alccopycat
043 _acl-----
050 1 4 _aQ 127
_bS416 2005
082 0 0 _a509.8
245 0 0 _aScience and the creative imagination in Latin America /
_cedited by Evelyn Fishburn and Eduardo L. Ortiz.
260 _aLondon :
_bInstitute for the Study of the Americas,
_c[2005]
300 _aviii, 209 p. :
_bill., 1 map ;
_c23 cm.
504 _aIncludes bibliographical references.
505 0 _aIntroduction / Evelyn Fishburn and Eduardo L. Ortiz -- Darwin in South America : geology, imagination and encounter / Dame Gillian Beer -- Walking backward to the future : time, travel and race / Benigno Trigo -- Natural parts and unnatural others : a reflection on patrimony at the turn of the nineteenth century / Sylvia Molloy -- On the transition from realism to the fantastic in the Argentina of the 1870s : Holmberg and the Câordoba Six / Eduardo L. Ortiz -- Literature and science in Martinez Estrada's work / Alejandro Kaufman -- The nature effect in Latin American science publications : the case of the journal Redes / Claudio Canaparo -- Two scientific traditions in Martâin Fierro / Norma S. Horenstein -- Heisenberg's uncertainty principle in contemporary Spanish American fiction / Alicia Rivero -- Constructing postcoloniality : scientific enquiries in Cien aänos de soledad / Patricia Murray -- Holograms and simulacra : bioy casares, subeila, piglia / Geoffrey Kantaris -- The desert poetics of Mario Montalbetti : writing, knowledge, topologies / William Rowe.
546 _aText in English with some passages in parallel English and Spanish.
650 0 _aScience and the humanities
_zLatin America.
650 4 _aCiencia
_xHistoria
_zAmérica Latina
650 4 _a20150700
700 1 _aFishburn, Evelyn.
700 1 _aOrtiz, Eduardo L.
710 2 _aUniversity of London.
_bInstitute for the Study of the Americas.
923 _apurchase
_d20091105
_nI-1098915
_sCoutts UK
942 _2lcc
_cbk
946 _aJaaM
999 _c86418
_d86418